Normal view
MARC view
- Muhammad, prophet (PBUH) -- biography
Entry Personal Name
001 - CONTROL NUMBER
- control field: 130290
003 - CONTROL NUMBER IDENTIFIER
- control field: NUST
005 - DATE AND TIME OF LATEST TRANSACTION
- control field: 20250811140501.0
008 - FIXED-LENGTH DATA ELEMENTS
- fixed length control field: 250811|| aca||aabn | a|a d
040 ## - CATALOGING SOURCE
- Original cataloging agency: NUST
- Transcribing agency: NUST
100 ## - HEADING--PERSONAL NAME
- Personal name: Muhammad, prophet (PBUH) -- biography
670 ## - SOURCE DATA FOUND
- Source citation: Work cat.: (NUST): Abu Khalil, Shawqi, 113222, Atlas on the prophets (P.B.U.H) biography/, 2003.
